| 000 | 00964nam a22003017a 4500 | ||
|---|---|---|---|
| 001 | 5187 | ||
| 003 | FISKH | ||
| 005 | 20250714102932.0 | ||
| 008 | 241118b cb ||||| |||| 00| 0 eng d | ||
| 020 | _a9780439644419 | ||
| 040 |
_aFISKH _beng _cFISKH _dFISKH |
||
| 050 | _aE206.A25 | ||
| 082 | _a973.3 | ||
| 100 | _aAdler, David A. | ||
| 245 |
_aHeroes of the Revolution / _cby David A. Adler : illustrated Donald A. Smith |
||
| 250 | _aFirst Scholastic printing, February 2004 | ||
| 260 |
_aNew York : _bScholastic ; _c2003. |
||
| 300 |
_a32 pages : _bcolor illustrations ; _c29 cm . |
||
| 505 | _aX | ||
| 520 | _aProfiles twelve men and women who had a significant impact on the American Revolution. | ||
| 521 | 8 |
_a890
_bLexile |
|
| 521 | 8 |
_aX
_bRaz-Plus |
|
| 650 |
_aAmerican Revolution _vnon-fiction |
||
| 650 |
_aRevolutionary War _vnon-fiction |
||
| 700 |
_aSmith, Donald A. _eillustrator |
||
| 942 |
_2ddc _cBK _n0 |
||
| 999 |
_c5187 _d5187 |
||